Arpa romantica (L') (Record n. 99519)
[ formato base ]
| 000 -LEADER | |
|---|---|
| fixed length control field | 02262njm a2200409Ia 4500 |
| 001 - CONTROL NUMBER | |
| control field | 26083 |
| 003 - CONTROL NUMBER IDENTIFIER | |
| control field | IT-RoPAU |
| 005 - DATE AND TIME OF LATEST TRANSACTION | |
| control field | 20220918181117.0 |
| 008 - FIXED-LENGTH DATA ELEMENTS--GENERAL INFORMATION | |
| fixed length control field | 131025s9999 xx 000 0 und d |
| 040 ## - CATALOGING SOURCE | |
| Original cataloging agency | IT-RoPAU |
| 040 ## - CATALOGING SOURCE | |
| Transcribing agency | IT-RoPAU |
| 999 ## - SYSTEM CONTROL NUMBERS (KOHA) | |
| Koha Dewey Subclass [OBSOLETE] | n.d. |
| 100 ## - MAIN ENTRY--PERSONAL NAME | |
| Personal name | AA.VV. |
| 9 (RLIN) | 794 |
| 100 ## - MAIN ENTRY--PERSONAL NAME | |
| Relator term | Autore musica |
| 9 (RLIN) | 15556 |
| 100 ## - MAIN ENTRY--PERSONAL NAME | |
| Miscellaneous information | Codice autore musica SPICS: 12000 |
| 9 (RLIN) | 796 |
| 245 ## - TITLE STATEMENT | |
| Title | Arpa romantica (L') |
| 250 ## - EDITION STATEMENT | |
| Edition statement | 1a ed. |
| 260 ## - PUBLICATION, DISTRIBUTION, ETC. (IMPRINT) | |
| Place of publication, distribution, etc. | ROMA |
| 260 ## - PUBLICATION, DISTRIBUTION, ETC. (IMPRINT) | |
| Name of publisher, distributor, etc. | SPICS RECORDS |
| Date of publication, distribution, etc. | 1985 [1a Ed.:1978 - Ed. Lingua Orig.: 1980] |
| 300 ## - PHYSICAL DESCRIPTION | |
| Extent | MUSICASSETTA |
| 300 ## - PHYSICAL DESCRIPTION | |
| Dimensions | 46 minuti (Testo: pag.) |
| 500 ## - GENERAL NOTE | |
| General note | Musica strumentale |
| 505 ## - FORMATTED CONTENTS NOTE | |
| Formatted contents note | Le Sylphe - Studio n 5 - Variations sur la chanson russe - Notturno - Valzer - Preludio in mi minore op 35 n 1 - Canzone irlandese "The Minstrel's Adieu To His Native Land" - Studio n 19 - Romanza in la b maggiore - Grande fantasie "La mandoline" - Melodie - Traumerei op 44 |
| 650 ## - SUBJECT ADDED ENTRY--TOPICAL TERM | |
| Topical term or geographic name as entry element | ROMANTICA [CASSETTE] |
| Relator term | Codice MATERIA SPICS: 9951 |
| 9 (RLIN) | 15305 |
| 700 ## - ADDED ENTRY--PERSONAL NAME | |
| Personal name | Oberthur Charles |
| Dates associated with a name | Codice autore musica SPICS: 16920 |
| Relator term | Autore musica |
| Name of part/section of a work | Le Sylphe |
| 9 (RLIN) | 15557 |
| 700 ## - ADDED ENTRY--PERSONAL NAME | |
| Personal name | Sor Fernando |
| Dates associated with a name | Codice autore musica SPICS: 16921 |
| Relator term | Autore musica |
| Name of part/section of a work | Studio n 5 |
| 9 (RLIN) | 15558 |
| 700 ## - ADDED ENTRY--PERSONAL NAME | |
| Personal name | Sikhra A. |
| Dates associated with a name | Codice autore musica SPICS: 16922 |
| Relator term | Autore musica |
| Name of part/section of a work | Variations sur la chanson russe |
| 9 (RLIN) | 15559 |
| 700 ## - ADDED ENTRY--PERSONAL NAME | |
| Personal name | Glinka Michail Ivanovic |
| Dates associated with a name | Codice autore musica SPICS: 13793 |
| Relator term | Autore musica |
| Name of part/section of a work | Notturno |
| 9 (RLIN) | 15560 |
| 700 ## - ADDED ENTRY--PERSONAL NAME | |
| Personal name | Chopin Fryderyk |
| Dates associated with a name | Codice autore musica SPICS: 8056 |
| Relator term | Autore musica |
| Name of part/section of a work | Valzer |
| 9 (RLIN) | 15561 |
| 700 ## - ADDED ENTRY--PERSONAL NAME | |
| Personal name | Mendelssohn Felix |
| Dates associated with a name | Codice autore musica SPICS: 3873 |
| Relator term | Autore musica |
| Name of part/section of a work | Preludio in mi minore op 35 n 1 |
| 9 (RLIN) | 15562 |
| 700 ## - ADDED ENTRY--PERSONAL NAME | |
| Personal name | Thomas John |
| Dates associated with a name | Codice autore musica SPICS: 16923 |
| Relator term | Autore musica |
| Name of part/section of a work | Canzone irlandese "The Minstrel's Adieu To His Native Land" |
| 9 (RLIN) | 15563 |
| 700 ## - ADDED ENTRY--PERSONAL NAME | |
| Personal name | Bochsa R.N.C. |
| Dates associated with a name | Codice autore musica SPICS: 16924 |
| Relator term | Autore musica |
| Name of part/section of a work | Studio n 19 |
| 9 (RLIN) | 15564 |
| 700 ## - ADDED ENTRY--PERSONAL NAME | |
| Personal name | Parish-Alvars Elias |
| Dates associated with a name | Codice autore musica SPICS: 16925 |
| Relator term | Autore musica |
| Name of part/section of a work | Romanza in la b maggiore - Grande fantasie "La mandoline" |
| 9 (RLIN) | 15565 |
| 700 ## - ADDED ENTRY--PERSONAL NAME | |
| Personal name | Varlamoff Alexander |
| Dates associated with a name | Codice autore musica SPICS: 16926 |
| Relator term | Autore musica |
| Name of part/section of a work | Melodie |
| 9 (RLIN) | 15566 |
| 700 ## - ADDED ENTRY--PERSONAL NAME | |
| Personal name | Schuecker Edmund |
| Dates associated with a name | Codice autore musica SPICS: 16927 |
| Relator term | Autore musica |
| Name of part/section of a work | Traumerei op 44 |
| 9 (RLIN) | 15567 |
| 942 ## - ADDED ENTRY ELEMENTS (KOHA) | |
| Koha item type | MUSICASSETTE |
| Source of classification or shelving scheme | Dewey Decimal Classification |
| Withdrawn status | Lost status | Damaged status | Not for loan | Home library | Current library | Date acquired | Total Checkouts | Full call number | Date last seen | Price effective from | Koha item type | Public note |
|---|---|---|---|---|---|---|---|---|---|---|---|---|
| Buone Condizioni | Not For Loan | SPICS-MEDIATECA | SPICS-MEDIATECA | 25/10/2013 | 26083 | 25/10/2013 | 25/10/2013 | MUSICASSETTE | Progr. Ins.: 5951 / N.Vol.: 1 / Copie: 1 - Copia rara: n.d. / date import: 01.01.2014 - By Epidotti, Trombetti, Vaglietti |